000 00445nam a22001577a 4500
005 20150214112152.0
008 150214b xxu||||| |||| 00| 0 eng d
020 _a0521370191
040 _cPK-LaUMT
082 _aKHC 297.822
_bFAR-I
100 _aفرہاد دفتری
245 _aاسماعیلی
_bتاریخ و عقائد
_cفریاد دفتری
260 _aکراچی
_bاقبال برادرز
_c1997
300 _a991 ص
942 _cBK
999 _c66240
_d66240